000 00867nam a22002177a 4500
999 _c9607
_d9607
003 AR-CdUCM
008 190328b ||||| |||| 00| 0 spa d
040 _aMUNICIPALIDAD PROVINCIAL DEL CUSCO
_cBIBLIOTECA MUNICIPAL DEL CUSCO
082 _22ed.
_a129.66 /
_bO77
100 _aOrtega y Gasset, José
_95772
245 _aLa rebelión de las masas/
260 _aSantiago de Chile :
_bEdit. Cultura,
_c1934.
300 _a156 paginas ;
_c19 cm.
440 _aColección Hombre e Ideas
_925925
505 _aContenido :El hecho de las aglomeraciones --La subida del nivel histórico --La altura e los tiempos --El crecimiento de la vida --Un dato estadístico --Comienza la dirección del hombre - masa ...
650 _aPsicología social
_94539
650 _aCivilización occidental
_925926
650 _aSociologia
_9276
942 _2ddc
_cLIBROS
945 _arjall